<?xml version="1.0" encoding="UTF-8"?>
<record
    xmlns:xsi="http://www.w3.org/2001/XMLSchema-instance"
    xsi:schemaLocation="http://www.loc.gov/MARC21/slim http://www.loc.gov/standards/marcxml/schema/MARC21slim.xsd"
    xmlns="http://www.loc.gov/MARC21/slim">

  <leader>01465nam a22003737a 4500</leader>
  <controlfield tag="003">CHAP</controlfield>
  <controlfield tag="005">20220329143435.0</controlfield>
  <controlfield tag="008">090826s2006    mx a    r     00010 spa d</controlfield>
  <datafield tag="010" ind1=" " ind2=" ">
    <subfield code="a">96637</subfield>
  </datafield>
  <datafield tag="011" ind1=" " ind2=" ">
    <subfield code="a">97609</subfield>
  </datafield>
  <datafield tag="020" ind1=" " ind2=" ">
    <subfield code="a">9789688961612</subfield>
  </datafield>
  <datafield tag="035" ind1=" " ind2=" ">
    <subfield code="a">108279</subfield>
  </datafield>
  <datafield tag="040" ind1=" " ind2=" ">
    <subfield code="c">CHAP</subfield>
  </datafield>
  <datafield tag="082" ind1="0" ind2="4">
    <subfield code="a">304.8072</subfield>
    <subfield code="b">M58</subfield>
  </datafield>
  <datafield tag="245" ind1="0" ind2="0">
    <subfield code="a">Migraci&#xF3;n y desarrollo :</subfield>
    <subfield code="b">el contexto nacional y estudios de caso en Los Cabos y La Paz, Baja California Sur</subfield>
    <subfield code="c">/compilado por Mar&#xED;a Luisa Cabral Bowling ...[et al.]</subfield>
  </datafield>
  <datafield tag="260" ind1=" " ind2=" ">
    <subfield code="a">La Paz, B.C.S. :</subfield>
    <subfield code="b">Universidad Aut&#xF3;noma de Baja California Sur,</subfield>
    <subfield code="c">2006</subfield>
  </datafield>
  <datafield tag="300" ind1=" " ind2=" ">
    <subfield code="a">261 p. :</subfield>
    <subfield code="b">ilus., cuadros, gr&#xE1;fs.</subfield>
  </datafield>
  <datafield tag="490" ind1=" " ind2=" ">
    <subfield code="a">Cuadernos universitarios</subfield>
  </datafield>
  <datafield tag="590" ind1=" " ind2=" ">
    <subfield code="a">BATCH-UPD</subfield>
    <subfield code="b">10</subfield>
    <subfield code="c">20130110</subfield>
    <subfield code="l">UCH01</subfield>
    <subfield code="h">1609</subfield>
  </datafield>
  <datafield tag="590" ind1=" " ind2=" ">
    <subfield code="a">BATCH-UPD</subfield>
    <subfield code="b">10</subfield>
    <subfield code="c">20130410</subfield>
    <subfield code="l">UCH01</subfield>
    <subfield code="h">1005</subfield>
  </datafield>
  <datafield tag="590" ind1=" " ind2=" ">
    <subfield code="a">BATCH-UPD</subfield>
    <subfield code="b">10</subfield>
    <subfield code="c">20130914</subfield>
    <subfield code="l">UCH01</subfield>
    <subfield code="h">0523</subfield>
  </datafield>
  <datafield tag="590" ind1=" " ind2=" ">
    <subfield code="a">CONVERSION</subfield>
    <subfield code="b">10</subfield>
    <subfield code="c">20130109</subfield>
    <subfield code="l">UCH01</subfield>
    <subfield code="h">1353</subfield>
  </datafield>
  <datafield tag="650" ind1="1" ind2="4">
    <subfield code="a">Baja California Sur</subfield>
    <subfield code="x">Condiciones econ&#xF3;micas.</subfield>
    <subfield code="9">9498</subfield>
  </datafield>
  <datafield tag="650" ind1="1" ind2="4">
    <subfield code="a">Baja California Sur</subfield>
    <subfield code="x">Condiciones rurales.</subfield>
    <subfield code="9">9499</subfield>
  </datafield>
  <datafield tag="650" ind1="1" ind2="4">
    <subfield code="a">Baja California Sur</subfield>
    <subfield code="x">Condiciones sociales.</subfield>
    <subfield code="9">9500</subfield>
  </datafield>
  <datafield tag="650" ind1="1" ind2="4">
    <subfield code="a">Desarrollo de la comunidad</subfield>
    <subfield code="z">M&#xE9;xico.</subfield>
    <subfield code="9">31984</subfield>
  </datafield>
  <datafield tag="650" ind1="1" ind2="4">
    <subfield code="a">Desarrollo social</subfield>
    <subfield code="z">M&#xE9;xico.</subfield>
    <subfield code="9">32080</subfield>
  </datafield>
  <datafield tag="650" ind1="1" ind2="4">
    <subfield code="a">Emigraci&#xF3;n e inmigraci&#xF3;n.</subfield>
    <subfield code="9">36517</subfield>
  </datafield>
  <datafield tag="700" ind1="1" ind2=" ">
    <subfield code="a">Cabral Bowling, Mar&#xED;a Luisa</subfield>
    <subfield code="e">, comp.</subfield>
    <subfield code="9">16627</subfield>
  </datafield>
  <datafield tag="830" ind1="0" ind2=" ">
    <subfield code="a">Cuadernos universitarios</subfield>
    <subfield code="9">29883</subfield>
  </datafield>
  <datafield tag="901" ind1=" " ind2=" ">
    <subfield code="a">BK</subfield>
  </datafield>
  <datafield tag="942" ind1=" " ind2=" ">
    <subfield code="c">LIBRO</subfield>
  </datafield>
  <datafield tag="949" ind1=" " ind2=" ">
    <subfield code="a">304.8072 M58</subfield>
    <subfield code="b">BC</subfield>
    <subfield code="c">LIBRO</subfield>
    <subfield code="d">33724002113347</subfield>
    <subfield code="e">LIBRO</subfield>
    <subfield code="h">111068</subfield>
    <subfield code="i">108279</subfield>
    <subfield code="s">i</subfield>
  </datafield>
  <datafield tag="999" ind1=" " ind2=" ">
    <subfield code="c">96637</subfield>
    <subfield code="d">96637</subfield>
  </datafield>
  <datafield tag="952" ind1=" " ind2=" ">
    <subfield code="0">0</subfield>
    <subfield code="1">0</subfield>
    <subfield code="2">ddc</subfield>
    <subfield code="4">0</subfield>
    <subfield code="5">2</subfield>
    <subfield code="7">0</subfield>
    <subfield code="8">GRAL</subfield>
    <subfield code="a">BC</subfield>
    <subfield code="b">BC</subfield>
    <subfield code="c">PA_GRAL</subfield>
    <subfield code="d">2019-12-31</subfield>
    <subfield code="f">LIBRO</subfield>
    <subfield code="l">0</subfield>
    <subfield code="o">304.8072 M58</subfield>
    <subfield code="p">33724002113347</subfield>
    <subfield code="r">2019-12-31 00:00:00</subfield>
    <subfield code="w">2019-12-31</subfield>
    <subfield code="y">LIBRO</subfield>
  </datafield>
</record>
